ويندوز إكس بي : (رقم التسجيلة. 40491)

تفاصيل مارك
000 -الفاتح
عناصر البيانات ثابتة الطول 00986cam a2200193 i 4500
005 - تاريخ ووقت آخر معاملة
حقل ضبط 20251108170130.0
008 - عناصر البيانات ثابتة الطول
عناصر البيانات ثابتة الطول 250721s2002 ua a gr 000 0 ara d
020 ## - الترقيم الدولي المعياري للكتب (ردمك)
الترقيم الدولي المعياري للكتب (ردمك) 9772715627
082 14 - رقم تصنيف ديوي العشري
رقم التصنيف 005.12
رقم المادة ب س ي
100 1# - مدخل رئيسي – اسم شخصي
الاسم الشخصي بسيوني، عبد الحميد
علاقة الشخص بالعمل/ دوره مؤلف.
245 10 - بيان العنوان
العنوان ويندوز إكس بي :
بقية العنوان الاملاء الصوتي و الكلام، الراوي والمكبر و مفاتيح الشاشة، الوسائط المتعددة وانشاء الافلام، اصلاح اعطال والتغلب على مشاكل ويندوز، ادارة نظام ويندوز، الملحفات و ادوات النظام، المنافع وادوات الاشراف /
بيان المسؤولية مهندس عبد الحميد بسيوني.
246 11 - الأشكال المختلفة للعنوان
العنوان الفعلي/العنوان المختصر Windos XP.
264 1# - بيانات النشر، التوزيع…إلخ
مكان النشر، التوزيع...إلخ القاهرة :
اسم الناشر، الموزع...إلخ مكتبة ابن سينا،
تاريخ النشر، التوزيع...إلخ 2002.
300 ## - الوصف المادي
عدد الوحدات المكونة للوعاء 335 صفحة.
650 17 - مدخل إضافي بالموضوع - مصطلح موضوعي
مصطلح موضوعي أو اسم جغرافي كعنصر مدخل الحواسيب.
650 17 - مدخل إضافي بالموضوع - مصطلح موضوعي
مصطلح موضوعي أو اسم جغرافي كعنصر مدخل برامج الحاسوب.
942 ## - بيانات إضافية (كوها)
نوع التنصيف Dewey Decimal Classification
نوع المادة (كوها) كتب
المقتنيات
حالة السحب حالة الفقدان مصدر التصنيف حالة التلف غير قابل للإعارة المكتبة الرئيسية المكتبة الحالية موقع الرف تاريخ التزويد الرقم المتسلسل Total Checkouts رقم الإستدعاء الباركود تاريخ آخر ظهور تاريخ الفاتورة نوع المادة (كوها)
    Dewey Decimal Classification     المكتبة المركزية المكتبة المركزية الإعارة 06/07/2004 545537   005.12 / ب س ي 545537 28/07/2025 06/07/2004 كتب
Implemented & Customized by: BBB with SCIT (Smart Chains for Information Technology)

Powered by Koha